| 000 | 00790nam a2200241 u 4500 | ||
|---|---|---|---|
| 005 | 20260327064208.0 | ||
| 008 | 150525s2011 es r 000 0 spa d | ||
| 020 | _a9788423699155 | ||
| 035 | _aUPN01000203756 | ||
| 049 | _aI | ||
| 050 | 4 |
_aPZ10.3 _bM9.3 |
|
| 100 | 1 |
_aMyron, Vicki, _d1947- _937630 |
|
| 245 | 1 | 0 |
_aDewey : _b¡un gato en la biblioteca! / _cViki Myron, Bret Witter ; il. Steve James. |
| 260 |
_aBarcelona, Esp. : _bEdebé, _c2011. |
||
| 300 |
_a[32] p. : _bil. col. |
||
| 440 | 0 |
_aMis cuentos favoritos. _pTren azul |
|
| 534 |
_pTitulo original: _tDewey : ther's a cat in the library |
||
| 650 | 4 |
_aGatos _vCuentos y leyendas _911010 |
|
| 650 | 7 |
_aLibros ilustrados para niños _2 _921365 |
|
| 700 | 1 |
_aWitter, Bret, _ecoaut. |
|
| 905 | _aInfantil | ||
| 999 |
_c175857 _d175857 |
||